00573nam a2200181 a 450000100100000000500170001000800410002702000150006804000250008308200150010810000180012324501050014126000370024630000310028353400220031470000300033670000250036600002286220200930021837.0101119s1977 xxuc r 000 0 spa d a0311010687 aDO-SdBNPbspacBNPHU axxxbC323p1 aCarter, Jimmy10a¿Por qué no lo mejor? /cJimmy Carter ;Edición José Tomás Poe ; traducción Tito Fafasuli. a[s. l.] :bMundo Hispano,c1977. a154 p. :bretrs. ;c18 cm. aWhu not the best?1 aPoe, José Tomás,etr.1 aFafasuli, Tito,etr.